Представление документа в формате RUSMARC

ПолеНазваниеЗначение
  Тип записи a
  Библиографический уровень m
001 Контрольный номер RU/CBS_UL/BASE/572112848
005 Дата корректировки 20240209174809.5
010 Индекс ISBN __
a ISBN
b Уточнения в пер.
d Цена 1 р. 66 к.
9 Тираж экз.
100 Данные общей обработки __
a Данные общей обработки 20180216d2018 ||| 0rusy0189 ca
101 Язык документа 0_
a Язык текста rus
102 Страна публикации __
a Страна публикации RU
105 Кодированные данные (монография) __
a Кодированные данные (монография) y###||||000|y
200 Заглавие и сведения об ответственности 1_
a Заглавие Через полюс - на экватор
b Общее обозначение материала Текст
e Сведения, относящиеся к заглавию записки путешественника
f Первые сведения об ответственности А. П. Капица
g Последующие сведения об ответственности предисл. Д. Данина
g Последующие сведения об ответственности рис. М. Лохмановой
210 Выходные данные 1_
a Место издания Москва
c Издательство Детская литература
d Дата издания 1978
215 Физическое описание __
a Объем 240 с.
c Иллюстрации/тип воспроизводства ил.
d Формат см.
300 Общие примечания __
a Общие примечания Ограничения по возрасту - 16+
300 Общие примечания __
a Общие примечания Под инв. номером 63156: 3-1
606 Тематические рубрики 0_
a Основная рубрика Географические открытия и исследования - Путешествия
610 Ключевые слова 0_
a Ключевые слова путешествия
a Ключевые слова открытия географические
a Ключевые слова записки
a Ключевые слова материки
a Ключевые слова племена
a Ключевые слова ледники
a Ключевые слова пещеры
686 Индексы других классификаций __
a Классификационный индекс 26.8г
2 Код системы ББК
700 Автор _1
a Фамилия Капица
b Имя (инициалы) Андрей Петрович
g Полное личное имя А. П.
801 Источник записи _0
a Страна RU
b Организация МБУК ЦБС
c Дата составления 20180216
g Правила каталогизации RCR
801 Источник записи _1
a Страна RU
b Организация МБУК ЦБС г. Ульяновска
c Дата составления 20180216
g Правила каталогизации RCR
899 Данные о местонахождении __
i Авторский знак К 20
j Расстановочный фильтр 26.8
901 Тип документа __
t Тип документа m
910 Корректоры записи __
a Корректор записи Мазина